000 00184 a2200097 4500
020 _a9780141371382
041 _aeng
100 _aRoald Dahl
245 _aFantastic MR Fox
942 _cBK
999 _c28984
_d28982